Gospodarze Mistrzostw Europy w kolejności!! - Statystyki

Ogólne statystyki
  • Ten quiz został rozwiązany 162 razy
  • Średni wynik to 10 z 31
Statystyki odpowiedzi
Rok Gospodarz % Poprawnych
2012 Ukraina
80%
2012 Polska
79%
2016 Francja
75%
2008 Austria
65%
2008 Szwajcaria
65%
2024 Niemcy
59%
2004 Portugalia
55%
2020 Anglia
48%
1960 Francja
46%
2000 Belgia
44%
2000 Holandia
43%
1964 Hiszpania
35%
1968 Włochy
35%
2020 Azerbejdżan
30%
1996 Anglia
29%
1984 Francja
23%
1988 Niemcy
23%
1992 Szwecja
23%
2020 Włochy
23%
1972 Belgia
18%
1976 Jugosławia
18%
1980 Włochy
17%
2020 Hiszpania
16%
2020 Niemcy
15%
2020 Dania
14%
2020 Holandia
11%
2020 Irlandia
10%
2020 Rosja
9%
2020 Węgry
9%
2020 Rumunia
8%
2020 Szkocja
5%
Nie znaleziono quizów pasujących do podanych kryteriów
Rozkład punktacji
Procent ludzi z każdym wynikiem
Percentyl według liczby udzielonych odpowiedzi
Twoja historia wyników
Nie rozwiązałeś tego quizu